Semantica y verdad necesaria : una investigacion sobre los fundamentos de la filosofia analitica /
Guardado en:
| Autor Principal: | |
|---|---|
| Formato: | Libro |
| Publicado: |
Mexico :
Fondo De Cultura Economica,
1970
|
| Materias: | |
| Etiquetas: |
Agregar Etiqueta
Sin Etiquetas, Sea el primero en etiquetar este registro!
|
| LEADER | 00514nam a22001575a 4500 | ||
|---|---|---|---|
| 001 | EHU.bham002021 | ||
| 003 | AR-BHAM | ||
| 005 | 20111020125755.0 | ||
| 008 | 130507s1970##################000#0#####d | ||
| 082 | 1 | 6 | |a 160 |
| 100 | 1 | |a Pap, Arthur | |
| 245 | 1 | 0 | |a Semantica y verdad necesaria : |b una investigacion sobre los fundamentos de la filosofia analitica / |c Arthur Pap. |
| 260 | |a Mexico : |b Fondo De Cultura Economica, |c 1970 | ||
| 300 | |a 483 p. | ||
| 653 | |a Logica | ||
| 859 | |a AR-BHAM |b BIB. HUMANIDADES - General |h 160 |i P197 |p 73.87 |t Ej.1 | ||
